00579nam a22001697a 450000500170000001000150001702000260003203500140005803700130007208200110008524501370009626000480023327000580028130000290033950000180036870000230038620180402171934.0 aENG-122450 a9788171773312c990.00 aEN-105982 bDBAD/PUB a341.47 aSpace law the emerging trends:ced. by B. Sandeepa Bhatbon the occasion of celebrating the 50th anniversary of outer space treaty / aKolkata (Calcutta)bEastern Law Housec2018 a54 Ganesh Chunder AvenuebKolkata (Calcutta)e7000013 a330 p.bill. c21cm(Hb) aInclude index dBhat, B. Sandeepa